01098nam a2200253 a 4500001000900000005001700009008004100026020001500067050002300082100003200105245007100137260005800208300002300266440003200289500016100321500004200482500002800524546003600552600005300588650004800641650004900689650004600738651006000784BRL_182720190320211403.0060815s2002----mx-ao#####---#000-0#spa-# a9706830561 4aNK844b.U86 9 20021 aRodríguez, José Antonio10aRuth D. Lechugabuna memoria mexicanacJosé Antonio Rodríguez. aMéxicobMuseo Franz Mayer : Artes de Méxicoc2002 a83 p.bil.c23 cm. 0aColección Uso y estilov9 aCatálogo de la exposición ´Ruth Lechuga. Peregrina del arte popular´ realizada en el Museo Franz Mayer (Ciudad de México), 18 abril - 23 junio, 2002 aLa biblioteca cuenta con 2 ejemplares aej.1 Au863, ej.2 Au2190 aTexto en : español e inglés14aLechuga, Ruth D.d1920-2004xColecciones de arte14aIndígenas de MéxicoxRitos y ceremonias14aIndígenas de MéxicovTrabajos Ilustrados14aFestivalesvTrabajos IlustradoszMéxico 4aMéxicovTrabajos IlustradosxVida social y costumbres